00611 2200181 4500245007900000250001100079100001000090700002100100700001600121650001600137005001900153260000900172041001400181084000800195300002000203500019700223336000900420 aKoleksi Karya Siswa Kelas X - AKL b : Accountwosix MagazinecAlayahText aCet. 1 aAlaya aKhairina Hazrati aNailam S. W aKarya Siswa a20240305114720 c2024 aIndonesia a081 ailus. :c25 cm. aKoleksi karya siswa ini merupakan koleksi karya dari beberapa siswa kelas X-Akuntansi. Adapun beberapa isinya seperti kumpulan puisi, kata-kata mutiara, beberapa cerita pendek, dan riview buku atext